000 00901nam a2200253 4500
001 133059
003 ES-MaACL
005 20251010184918.0
007 t|
008 070214s1986 sp r ||||1| spa d
020 _a84-252-1271-5
100 1 _aRossi, Aldo.
_999859
245 1 0 _aObras y proyectos /
_cAldo Rossi ; editores Peter Arnell, Ted Bickford ; introducción de Vicent Scully ; epílogo de Rafael Moneo ; textos de los proyectos de Mason Andrews ; versión castellana de Juan José Lahuerta.
260 _aBarcelona :
_bGustavo Gili,
_c1986.
300 _a319 p. :
_bil. ;
_c29 cm.
700 1 _aArnell, Peter.
_923086
700 1 _aBickford, Ted.
_928783
700 1 _aScully, Vicent.
_9104974
700 1 _aMoneo, Rafael,
_d1937-
_982165
700 1 _aAndrews, Mason.
_921666
700 1 _aLahuerta, Juan José.
_969660
852 _aES-MaACL
_jL-10549
999 _c133059
_d133059